1955 1008 1330 1101 1135 1537 1740 1066 1422 1956 1815 1051 1750 1371 1688 1526 1637 1505 1404 1275 1133 1450 1161 1838 1332 1085 1649 1189 1658 1254 1414 1988 1315 1017 1098 1258 1104 1104 1224 1849 1735 1704 1071 1782 1454 1073 1816 1920 1554 1849 1229 1883 1816 1599 1930 1597 1382 1048 1193 1181 1867 1516 1316 1812 1372 1521 1769 1935 1392 1625 1982 1987 1523 1817 1867 1364 1252 1414 1314 1439 1888 1287 1364 1240 1756 1078 1086 1101 1101 1325 1915 1701 1569 1736 1341 1569 1135 1885 1077 BCNSPRNW ULIB Ver.6.0+V

เปลี่ยนเป็นภาษาไทย

Change to English
 แสดงรายละเอียดบรรณานุกรม
  กลับหน้าหลัก

Brief Record : Get Marc (ISO 2709) : E-mail record : QR code < ปิดหน้าต่าง
LEADER : 00000nam 2200000uu 4500
001    13399124792
003     ULIB
008    160324s2014||||th 000 0 eng d
020    ^a9781455702701 (pbk.)
060 04 ^aWY16.1^bB628p
100 1  ^aBlack, Beth Perry.
245 10 ^aProfessional nursing :^bconcepts & challenges /^cBeth Perry Black
250    ^a7th ed.
260    ^aSt. Louis, Mo. :^bElsevier,^cc2014
300    ^axiv, 381 p. :^bill. (some col.) ;^c24 cm.
500    ^aRev. ed. of: Professional nursing / Kay Kittrell Chitty, Beth Perry Black. 6th ed. c2011
504    ^aIncludes bibliographical references and index
650  0 ^aNursing^xPractice^vTextbooks
650  2 ^aNursing
650  2 ^aVocational Guidance
700 1  ^aChitty, Kay Kittrell.^tProfessional nursing
945    ^p2660^l0^i000341
999    ^aเกษร โพธิ์สุวรรณ
รายการนี้ยังไม่มีแท็ก
คุณยังไม่ได้ล็อกอิน คุณสามารถมีกิจกรรมร่วมกับเว็บไซต์ได้ แต่ต้องล็อกอินก่อน ::
  ล็อกอิน

รายการสื่อสารสนเทศ

ลำดับที่ ประเภท เลขเรียก/บาร์โค้ด สถานที่ สถานะ
1. Book การพยาบาล
Book การพยาบาล
WY16.1 B628p ฉ.1 
  Barcode: 000341
ห้องสมุดวิทยาเขตสวรรค์ประชารักษ์
►หนังสือทั่วไป
บนชั้น

รายการใกล้เคียง
    หัวเรื่อง [Nursing]
    หัวเรื่อง [Vocational Guidance]

BibComment


ยังไม่เคยถูกคอมเมนท์

คอมเมนท์ทรัพยากรรายการนี้
  คอมเมนท์: Professional nur..


 Copyright 2026. Bcnsprnw @Library